|
|
|
|
| LEADER |
01211nam a2200289 a 4500 |
| 001 |
197092 |
| 008 |
040513s1998 th a b 100 0 eng d |
| 010 |
|
|
|a \\\98948483
|
| 020 |
|
|
|a 9712201066
|
| 020 |
|
|
|z 971221074
|
| 040 |
|
|
|a DLC
|c DLC
|d DLC
|
| 082 |
0 |
0 |
|a 633.1/8/07205
|2 21
|
| 245 |
0 |
0 |
|a Impact of rice research /
|c edited by Prabhu L. Pingali, Mahabub Hossain.
|
| 246 |
3 |
0 |
|a Rice research
|
| 260 |
|
|
|a Bangkok, Thailand :
|b Thailand Development Research Institute ;
|a Manila, Philippines :
|b International Rice Research Institute,
|c 1998.
|
| 300 |
|
|
|a vi, 428 p. :
|b ill. ;
|c 23 cm.
|
| 504 |
|
|
|a Includes bibliographical references.
|
| 541 |
1 |
|
|e 00007280
|
| 650 |
|
0 |
|a Rice
|x Research
|z Asia.
|
| 650 |
|
0 |
|a Agricultural innovations
|z Asia.
|
| 700 |
1 |
|
|a Pingali, Prabhu L.,
|d 1955-
|
| 700 |
1 |
|
|a Hossain, Mahabub,
|d 1945-
|
| 710 |
2 |
|
|a Sathaban Wichai pha Kanphatthana Prathet Thai.
|
| 710 |
2 |
|
|a International Rice Research Institute.
|
| 852 |
4 |
|
|a Ayesha Abed Library
|j Generalshelf
|
| 999 |
|
|
|c 654
|d 654
|
| 952 |
|
|
|0 0
|1 0
|2 ddc
|4 0
|6 633_180720500000000_IMP_1998
|7 0
|9 602
|a BRACUL
|b BRACUL
|c GEN
|d 2009-05-13
|g 0.00
|l 0
|o 633.1807205 IMP
|p 3010007280
|r 2009-05-13
|t 1
|w 2009-05-13
|y BK
|x No price found in the accession register.
|